[Event "VIE-ch U13"]
[Site "Da Lat"]
[Date "2013.07.??"]
[Round "4"]
[White "Hoang, Trinh Thien Vu"]
[Black "Tran, Trong Thanh"]
[Result "0-1"]
[WhiteElo "1952"]
[BlackElo "1965"]
[PlyCount "96"]
[EventDate "2013.07.13"]
[EventType "swiss"]
[EventRounds "9"]
[EventCountry "VIE"]
[SourceTitle "EXT 2014"]
[Source "ChessBase"]
[SourceDate "2013.11.20"]
[SourceVersion "1"]
[SourceVersionDate "2013.11.20"]
[SourceQuality "1"]

1. d4 Nf6 2. c4 e6 3. Nc3 d5 4. Bg5 Be7 5. Nf3 0-0 6. e3 Nbd7 7. Be2 dxc4 8. Bxc4 c6 9. 0-0 Nd5 10. Bxe7 Qxe7 11. Nxd5 exd5 12. Bd3 h6 13. Re1 Re8 14. Qc2 Nf6 15. h3 Ne4 16. Nd2 Qh4 17. Nxe4 dxe4 18. Bf1 Qg5 19. g3 Qh5 20. h4 Bg4 21. Be2 Bf3 22. Bxf3 exf3 23. e4 g5 24. Qd3 gxh4 25. Re3 hxg3 26. fxg3 Qg4 27. Kh2 Rad8 28. Rf1 Re5 29. dxe5 Rxd3 30. Rxd3 Qxe4 31. Rdxf3 Qxe5 32. Rxf7 Qh5+ 33. Kg2 Qxf7 34. Rxf7 Kxf7 35. Kf3 b6 36. Ke4 Ke6 37. g4 a6 38. b4 c5 39. bxc5 bxc5 40. a4 a5 41. Kf4 Kf6 42. Ke4 Kg5 43. Kd5 Kxg4 44. Kxc5 h5 45. Kb5 h4 46. Kxa5 h3 47. Kb6 h2 48. a5 h1Q 0-1